Molecular analysis of susceptibility loci for atherosclerosis-related dyslipidaemia /
Saved in:
| Main Author: | |
|---|---|
| Format: | Thesis Book |
| Language: | English |
| Published: |
1998.
|
| Subjects: | |
| Tags: |
Add Tag
No Tags, Be the first to tag this record!
|
| LEADER | 00824cam a2200229 a 4500 | ||
|---|---|---|---|
| 001 | u451127 | ||
| 003 | SIRSI | ||
| 008 | 920910s1998 si v 00 1 eng | ||
| 035 | |a ACI-8718 | ||
| 040 | |a UMP | ||
| 096 | |a WG300 |b Cho 1998 | ||
| 100 | 1 | 0 | |a Choong, Meng Ling. |
| 245 | 1 | 0 | |a Molecular analysis of susceptibility loci for atherosclerosis-related dyslipidaemia / |c Choong Meng Ling. |
| 260 | 0 | |c 1998. | |
| 300 | |a xx, 268 leaves : |b ill. (part col.) ; |c 30 cm. | ||
| 502 | 0 | |a Thesis (Ph.D.) -- Department of Pathology, Faculty of Medicine, National University of Singapore, 1998. | |
| 504 | |a Bibliography : leaves 240-268 | ||
| 650 | 2 | |a Coronary Arteriosclerosis. | |
| 650 | 2 | |a Atherosclerosis. | |
| 948 | |a 10/02/2000 |b 25/02/2000 | ||
| 596 | |a 2 | ||
| 999 | |a WG300 CHO 1998 |w NLM |c 1 |i A502778294 |l STACKS |m P02MEDKL |r Y |s Y |t TESIS |u 7/3/2000 | ||
